[Event "16th Karpov Poikovsky"]
[Site "Poikovsky RUS"]
[Date "2015.09.30"]
[Round "3.1"]
[White "Laznicka, Viktor"]
[Black "Sutovsky, Emil"]
[Result "1-0"]
[WhiteTitle "GM"]
[BlackTitle "GM"]
[WhiteElo "2676"]
[BlackElo "2635"]
[WhiteFideId "316385"]
[BlackFideId "2802007"]
[EventDate "2015.09.28"]

1. Nf3 c5 2. e4 Nc6 3. d4 cxd4 4. Nxd4 Nf6 5. Nc3 e5 6. Ndb5 d6 7. Bg5 a6 8. Na3
b5 9. Nd5 Be7 10. Bxf6 Bxf6 11. c3 Rb8 12. Nc2 Bg5 13. Be2 O-O 14. O-O a5 15.
Na3 b4 16. Nb5 Ne7 17. cxb4 axb4 18. Qa4 f5 19. Qxb4 Nxd5 20. exd5 Ba6 21. a4 e4
22. f4 exf3 23. Rxf3 Qe7 24. Bf1 Be3+ 25. Kh1 Bxb5 26. Bxb5 f4 27. Re1 g5 28. h3
Rfc8 29. Rfxe3 fxe3 30. Qd4 Rc2 31. Rxe3 Qg7 32. Qg4 Rf8 33. Qe6+ Kh8 34. Qxd6
Rxb2 35. Re1 Qf6 36. Qg3 Qf4 37. Qxf4 Rxf4 38. d6 Rd4 39. d7 Kg7 40. Re8 Rbd2
41. a5 Rd5 42. Bc6 Rd6 43. Rc8 Rxd7 44. Bxd7 Rxd7 45. Rc1 Ra7 46. Ra1 Ra6 47.
Kg1 Kf6 48. Kf2 Ke5 49. Ke3 Kd5 50. Kd3 h6 51. Ra2 Kc5 52. Ke4 Kc4 53. Ra1 Kc3
54. Rc1+ Kd2 55. Rc5 Ke1 56. Rf5 Rd6 57. Rf3 Ra6 58. Ra3 g4 59. hxg4 Kf2 60. g3
Kg2 61. Kf5 1-0

[Event "16th Karpov Poikovsky"]
[Site "Poikovsky RUS"]
[Date "2015.09.30"]
[Round "3.2"]
[White "Lysyj, Igor"]
[Black "Inarkiev, Ernesto"]
[Result "1-0"]
[WhiteTitle "GM"]
[BlackTitle "GM"]
[WhiteElo "2671"]
[BlackElo "2660"]
[WhiteFideId "4150120"]
[BlackFideId "4162722"]
[EventDate "2015.09.28"]

1. d4 d5 2. c4 c6 3. Nf3 Nf6 4. e3 Bf5 5. Nc3 a6 6. Bd3 Bg6 7. O-O e6 8. Bxg6
hxg6 9. Qd3 Bb4 10. Bd2 O-O 11. Nxd5 Nxd5 12. cxd5 Bxd2 13. dxe6 Ba5 14. exf7+
Rxf7 15. Ne5 Rc7 16. e4 Nd7 17. Qb3+ Kh7 18. Qh3+ Kg8 19. Qb3+ Kh7 20. Qh3+ Kg8
21. Qe6+ Kh7 22. Qxg6+ Kg8 23. Qe6+ Kh7 24. Qh3+ Kg8 25. Qb3+ Kh7 26. Nc4 b6 27.
Qh3+ Kg8 28. b4 Bxb4 29. Qb3 a5 30. a3 Be7 31. Nxb6+ Kf8 32. Qf3+ Kg8 33. Qb3+
Kf8 34. Nxa8 Qxa8 35. Qf3+ Kg8 36. Qb3+ Kf8 37. Rac1 Qa7 38. Qf3+ Kg8 39. Qb3+
Kf8 40. Rfd1 Nf6 41. Qf3 Kg8 42. e5 Ne8 43. Rxc6 Qb7 44. d5 Rxc6 45. dxc6 Qb5
46. Qd5+ Qxd5 47. Rxd5 Kf7 48. Rxa5 Nc7 49. f4 Ke6 50. g4 g6 51. Kg2 Bd8 52. Kf3
Nd5 53. Ra8 Bc7 54. h4 Ne7 55. Re8 Kf7 56. Rxe7+ Kxe7 57. Ke4 1-0

[Event "16th Karpov Poikovsky"]
[Site "Poikovsky RUS"]
[Date "2015.09.30"]
[Round "3.3"]
[White "Bologan, Viktor"]
[Black "Korobov, Anton"]
[Result "1/2-1/2"]
[WhiteTitle "GM"]
[BlackTitle "GM"]
[WhiteElo "2607"]
[BlackElo "2700"]
[WhiteFideId "13900048"]
[BlackFideId "14105730"]
[EventDate "2015.09.28"]

1. e4 c5 2. Nf3 d6 3. d4 cxd4 4. Nxd4 Nf6 5. Nc3 a6 6. Be2 e5 7. Nb3 Be7 8. O-O
O-O 9. Be3 Be6 10. Qd2 Nbd7 11. a4 Rc8 12. a5 Qc7 13. Rfc1 Qc6 14. Bf3 Rfe8 15.
Nd5 Bxd5 16. exd5 Qb5 17. Qd3 e4 18. Qxb5 axb5 19. Be2 Nxd5 20. Bxb5 Red8 21.
Bd2 Nc7 22. Be2 d5 23. c4 Ne5 24. cxd5 Nxd5 25. Rxc8 Rxc8 26. a6 bxa6 27. Bxa6
Rd8 28. Bb7 Nc4 29. Ra8 Rxa8 30. Bxa8 e3 31. Bxe3 Ndxe3 32. fxe3 Nxe3 33. Nd2 1/2-1/2

[Event "16th Karpov Poikovsky"]
[Site "Poikovsky RUS"]
[Date "2015.09.30"]
[Round "3.4"]
[White "Shirov, Alexei"]
[Black "Khismatullin, Denis"]
[Result "1/2-1/2"]
[WhiteTitle "GM"]
[BlackTitle "GM"]
[WhiteElo "2712"]
[BlackElo "2651"]
[WhiteFideId "2209390"]
[BlackFideId "4142578"]
[EventDate "2015.09.28"]

1. d4 Nf6 2. c4 e6 3. Nf3 d5 4. Nc3 Nbd7 5. Bf4 dxc4 6. e3 Bd6 7. Bxc4 Bxf4 8.
exf4 Nb6 9. Bd3 Nbd5 10. Nxd5 Nxd5 11. g3 Bd7 12. Ne5 Qe7 13. O-O O-O 14. Qb3 f6
15. Nc4 a5 16. Rfe1 Qf7 17. Ne3 Bc6 18. f5 exf5 19. Bc4 a4 20. Qa3 f4 21. Nxd5
Bxd5 22. Re7 Bxc4 23. Rxf7 Rxf7 24. Qc5 b5 25. Re1 fxg3 26. hxg3 Rd8 27. Re7 c6
28. Rxf7 Kxf7 29. Qxc6 Rxd4 30. b3 axb3 31. axb3 Bxb3 32. Qxb5 Bd1 33. Qc5 Rd7
34. Qc4+ Kf8 35. Qc8+ Ke7 36. Qg8 Kd6 37. Qxh7 Bf3 38. Qg8 g5 39. Qf8+ Ke6 40.
Qe8+ Re7 41. Qc8+ 1/2-1/2

[Event "16th Karpov Poikovsky"]
[Site "Poikovsky RUS"]
[Date "2015.09.30"]
[Round "3.5"]
[White "Morozevich, Alexander"]
[Black "Smirin, Ilia"]
[Result "1-0"]
[WhiteTitle "GM"]
[BlackTitle "GM"]
[WhiteElo "2711"]
[BlackElo "2655"]
[WhiteFideId "4116992"]
[BlackFideId "2801990"]
[EventDate "2015.09.28"]

1. e4 c5 2. Nf3 e6 3. g3 d5 4. exd5 exd5 5. d4 Nc6 6. Bg2 Bg4 7. O-O cxd4 8. h3
Bxf3 9. Qxf3 Nf6 10. Bg5 Be7 11. Bxf6 Bxf6 12. Re1+ Ne5 13. Qa3 Kd7 14. Qc5 Qc7
15. Qxd5+ Kc8 16. c3 Rd8 17. Qe4 a6 18. cxd4 Rxd4 19. Qxh7 Kb8 20. Nc3 Ka7 21.
Nd5 Qd6 22. Nxf6 Qxf6 23. Qc2 Nd3 24. Re3 Rad8 25. Rd1 Qd6 26. Bf1 Nc5 27. Rxd4
Qxd4 28. Qf5 Rd7 29. Rc3 Kb6 30. a4 Rc7 31. Rc4 Qd6 32. Qg5 f6 33. a5+ Ka7 34.
Qe3 Kb8 35. b4 Ne6 36. Re4 Rc6 37. h4 g6 38. Bg2 Qd7 39. Qh6 Qf7 40. Rg4 1-0